[Event "Hennebont Grand Prix"]
[Site "Hennebont"]
[Date "2006.08.05"]
[Round "2"]
[White "Le Gall, Loic"]
[Black "Loizil, Joel"]
[Result "0-1"]
[WhiteElo "1620"]
[BlackElo "1912"]
[PlyCount "54"]
[EventDate "2006.08.05"]
[EventType "swiss"]
[EventRounds "7"]
[EventCountry "FRA"]
[SourceTitle "EXT 2007"]
[Source "ChessBase"]
[SourceDate "2006.11.23"]
[SourceVersion "1"]
[SourceVersionDate "2006.11.23"]
[SourceQuality "1"]

1. c4 e6 2. g3 Nf6 3. Bg2 c6 4. e3 d5 5. Qc2 Bd6 6. Ne2 Na6 7. a3 Bd7 8. 0-0 0-0 9. b3 dxc4 10. bxc4 e5 11. Bb2 Re8 12. d3 Nc5 13. Nd2 Bf5 14. e4 Bg6 15. f4 Ng4 16. Qb1 Nxd3 17. Nb3 Qb6+ 18. Ned4 Nxb2 19. Qxb2 Ne3 20. fxe5 Bxe5 21. Rfc1 Nxg2 22. Kxg2 Bxe4+ 23. Kf2 c5 24. Qe2 Bxd4+ 25. Nxd4 cxd4 26. Qg4 d3+ 27. c5 Qb2+ 0-1